header

Improving the measurement of late-life disability in population surveys (Record no. 210911)

MARC details
000 -LEADER
fixed length control field 01553nam a2200313Ia 4500
245 00 - TITLE STATEMENT
Title Improving the measurement of late-life disability in population surveys
260 ## - PUBLICATION, DISTRIBUTION, ETC. (IMPRINT)
Place of publication Washington, D.C. :
Name of publisher National Academy Press,
Year of publication c2009.
300 ## - PHYSICAL DESCRIPTION
Number of Pages x, 165 p. :
Other physical details ill.
650 #0 - SUBJECT ADDED ENTRY--TOPICAL TERM
Topical Term Disability evaluation.
Topical Term Health surveys
700 1# - ADDED ENTRY--PERSONAL NAME
Personal name Wunderlich, Gooloo S.
856 40 - ELECTRONIC LOCATION AND ACCESS
Uniform Resource Identifier http://site.ebrary.com/lib/rucke/Doc?id=10355554

No items available.

© 2026 Rongo University
Contact us: librarian | system librarian | Rongo university